00463nam a2200157Ia 4500008004100000020001300041082001400054100002400068245005200092250000800144260003600152300002700188500001900215600002100234650005000255240925s9999 xx 000 0 und d a74634917 a005.1 GOT aGottfried, Byron S. 0aSOS Theory and Problems of Programming Wiith C  a2nd aNew York:bMc Graw HIllc,1996. axx,433p.bNAfOriginal aIncludes Index aComputer Science aComputer science, information & general works